00715nam a2200241 a 4500001001300000003000900013005001700022008004100039020002300080082001800103100001800121245002400139260005500163300000900218500003500227505001800262650001200280700001800292902000800310942000700318952013100325999001700456nice12345678IN_TiNIC20260116014632.0070319s1993 newa grp 000 0 eng  a8121505925 c30000a294.5921bRAJ aRajgopal, L V aCritique of Vedanta aNew Delhi bMunshiram Manoharlal Publishers c1993 a280p aincludes index and biblioraphy2 abiblio, index aVedanta1 aRajgopal, L V bSRS cBK 001040708StackRoom-aHMIbHMId2007-03-19g300.00l3o294.5921 RAJp021995r2022-08-25s2022-08-05v300.00w2007-03-19yBK c16320d16320